[Event "FIDE World Cup"]
[Site "Khanty-Mansiysk"]
[Date "2011.09.01"]
[Round "2.2"]
[White "Shirov, Alexei"]
[Black "Potkin, Vladimir"]
[Result "0-1"]
[WhiteElo "2714"]
[BlackElo "2682"]
[Annotator "Potkin,V"]
[PlyCount "66"]
[EventDate "2011.08.28"]
[EventType "k.o."]
[EventRounds "7"]
[EventCountry "RUS"]
[SourceTitle "CBM 145"]
[Source "ChessBase"]
[SourceDate "2011.11.11"]
[SourceVersion "1"]
[SourceVersionDate "2011.11.11"]
[SourceQuality "1"]

{This was the first time I had played in the World Cup, and the tournament
gave rise to various emotions and interesting matches. After beating Yuri
Shulman in the tie-break, I had to face Alexei Shirov. To my surprise, I
managed to win the first game quite easily against this very strong opponent,
and then came the day of game two. Given his situation, and his generally
aggressive style, there was no reason to expect things to go quietly.} 1. e4 e6
{Five years ago, we contested a lively Sicilian, but since winning the
European Championship in France this year, I have tended to prefer another
opening.} 2. d4 d5 3. Nc3 Nf6 4. e5 Nfd7 5. f4 c5 6. Nf3 Nc6 7. Be3 a6 8. Ne2 {
In my preparations, I anticipated the possibility of this original, yet at the
same time typical French Defence move.} Qb6 9. Qc1 ({Prior to this game,
Shirov had preferred} 9. Rb1 {but the text is definitely stronger.}) 9... Be7 {
Before my very eyes, Alexander Morozevich played the interesting 9...g5
against Topalov in this position. Although he lost, he later strengthened the
line and beat Borki Predojevic with the help of a nice piece sacrifice.
However, having studied this line with someone else, I came to the conclusion
that it is only Black who is likely to end up under fire here.} 10. g3 (10. c3
{seems more logical to me, with a complicated position, with mutual chances.})
10... cxd4 11. Nexd4 Nc5 {Using the more active position of his queen, Black
has every right to open the centre.} 12. Bh3 {Once again, my opponent chooses
an original continuation.} ({The positional} 12. c3 {leads after, for example,}
a5 13. Be2 Bd7 14. O-O O-O {to a roughly equal position.}) 12... Qa5+ {It is
always nice to disturb the enemy king.} 13. Kf2 Bd7 {I wanted to place the
rook on the c-file, and then, as the holder of the World Cup likes to say, "to
ask a couple of questions".} 14. Nb3 Ne4+ ({The passive} 14... Nxb3 15. axb3
Qc7 16. c3 {is not to my taste.}) 15. Kg2 Qc7 16. c4 ({In view of the fact
that a quiet continuation such as} 16. Rd1 Rc8 17. c3 b5 {sees Black's
position further strengthened, Alexei decides to change the position sharply.})
16... Nb4 ({Many of my friends, armed with the assessments of the omniscient
Houdini, were at pains to explain that the cold-blooded} 16... Rc8 {was
stronger, but I was not so sure about the position resulting from} 17. cxd5 ({
on} 17. Rd1 {there is the strong} Nb4) 17... exd5 18. f5 ({in the variation} 
18. Qd1 Bxh3+ 19. Kxh3 Qd7+ 20. Kg2 h5 21. h3 {after} f6 {Black has
comfortable play, thanks to his strong knight and the weakness of the light
squares.}) 18... O-O 19. Rd1 {Of course, sitting at home, looking at things
with a cup of tea in hand, now I have a different view.}) 17. cxd5 Qc2+ {
It seems to me that my opponent overlooked this daring move.} 18. Qxc2 Nxc2 19.
Bb6 {White pulls himself together and finds the best move.} Nxa1 20. dxe6 fxe6
{In choosing this move, I was aware of three things. The first was that
White's oversight was quite lucky for him, and the position is completely
unclear. Secondly, all three results are now possible.} ({And thirdly, the
most logical continuation} 20... Bxe6 {leads after} 21. Bxe6 fxe6 22. Rxa1 Rc8
23. Re1 Rc2+ 24. Kf1 Nc5 25. Nfd4 {to an unsatisfactory position for Black.})
21. Rxa1 Rc8 ({The original move} 21... g5 {also came into my head, with the
idea after} 22. Re1 {to play} h5 {but then I thought why play like this, when
I had declined to do so at move 9?}) 22. Nbd4 {Here, Alexei thought for a long
time over which knight to put on this central square, and it may be that the
at first sight so creative 22.Nfd4 is no less interesting.} Bc5 ({I wanted at
first to play} 22... Kf7 {but after} 23. Re1 Bc5 (23... Nc5 {is bad because of}
24. f5) 24. Rxe4 {(other continuations are also possible)} Bxb6 25. Bxe6+ Bxe6
26. Ng5+ Ke7 27. Ngxe6 {White wins another pawn for the exchange, and has
excellent play}) 23. Bxc5 Nxc5 24. b4 Nd3 {The e-pawn is lost, and Black seeks
active play in compensation.} 25. Rd1 Nb2 ({Maybe} 25... Rc3 {was stricly
speaking the strongest, but quite frankly, I was short of time and could not
delve into all the nuamces at the board.}) 26. Rb1 ({The more subtle} 26. Rd2 {
was also interesting, when after} Nc4 27. Re2 {the black pieces do not
penetrate White's position, whilst the e-pawn still falls.} a5 ({by playing
slowly, Black risks falling into a difficult position, as the following
variation shows} 27... Ke7 28. Ng5 g6 29. Bxe6 Bxe6 30. Ngxe6 a5 31. b5 {
when he has to wait passively}) 28. bxa5 ({After the ambitious} 28. b5 Ke7 29.
Ng5 Na3 {it is hard to say who is better.}) ({A complicated position also
arises after} 28. Nxe6 Ke7 29. Nfd4 g6 {but given the match situation, such
variations did not bother me greatly}) 28... Ke7 29. Ng5 Ra8 {I will not bore
the reader with all the possible variations, but the general view of the
position suggests that the logical course of the game will see both sides
capturing material, as we see in one of the logical variations:} 30. Bxe6 Bxe6
31. Ngxe6 g6 32. f5 ({White cannot create connected passed pawns by} 32. g4 {
because after} Rxa5 {his e-pawn will be hanging}) 32... gxf5 33. Ng7 Nxe5 34.
Rxe5+ Kf6 {and this small trick brings a drawn outcome closer}) 26... Nd3 {
I very much wanted to keep my knight here, so the white king would not feel
too comfortable.} 27. Bxe6 Bxe6 28. Nxe6 Rc2+ 29. Kh3 {The logical decision,
since moving the king to the back rank is less logical.} g6 {Since it is very
hard to bring his other rook into active play, Black correctly does not hurry
to do so.} 30. Nc5 ({It seemed to me more logical to try to activate the rook
by} 30. Rb3 Nc1 ({a more complicated picture arises after} 30... Nf2+ 31. Kh4
Ke7 ({Black does not manage to exploit the strange enemy king's position after
} 31... h6 {as White plays} 32. Nfd4 {creating counter-threats}) 32. Nfd4 Rc4 {
the rook should stay on the c-file} 33. Kg5 Kf7 34. f5 h6+ (34... Ne4+ {
only helps the coordination of the white pieces after} 35. Kh6 gxf5 36. Rf3 {
and White can only be grateful to his opponent}) 35. Kf4 Re8 36. b5 a5 37. b6 {
and ove rthe last few moves, White has made great progress.}) 31. Ra3 ({after} 
31. Re3 {Black can help himself to a pawn with} Nxa2) 31... Ne2 32. Nc5 ({
nor can he keep the rooks with} 32. Rd3 Ke7 33. Nc5 (33. Rd6 Rc6) 33... Rd8 {
neutralising the activity}) 32... Rc3 {otherwise the white rook can cause a
lot of trouble} 33. Rxc3 Nxc3 34. Nxb7 Nxa2 35. b5 axb5 36. Nd6+ Ke7 37. Nxb5)
30... Nf2+ 31. Kh4 b6 32. Nxa6 {With just a few minutes on his clock, Alexey
forgets about his opponent's trap.} ({He should acknowledge his mistake and
either retreat or seek new squares by} 32. Nb7) 32... O-O {It is not often
that one gets to castle so late, and with decisive effect!} 33. e6 {Clearly,
BLack's last move came as a knockout blow to White and he loses at once.} ({
It was still possible to resist stubbornly in the game (though not the match)
after} 33. Nd4 Rc4 34. Rf1 g5+ 35. Kh5 gxf4 36. Rxf2) 33... Rf5 {The only
defence against mate, 34.g4, leads to large material losses.} 0-1

[Event "Sautron op 15th"]
[Site "Sautron"]
[Date "2015.10.24"]
[Round "7.4"]
[White "Stets, Dmitry"]
[Black "Libiszewski, Fabien"]
[Result "0-1"]
[WhiteElo "2432"]
[BlackElo "2523"]
[Annotator "Primel,D"]
[PlyCount "54"]
[EventDate "2015.10.24"]
[EventType "swiss"]
[EventRounds "9"]
[EventCountry "FRA"]
[SourceTitle "CBM 169 Extra"]
[Source "ChessBase"]
[SourceDate "2015.12.18"]
[SourceVersion "1"]
[SourceVersionDate "2015.12.18"]
[SourceQuality "1"]
[TimeControl "40/5400+30:1800+30"]
[WhiteClock "0:19:56"]
[BlackClock "0:19:41"]

1. e4 {[%emt 0:00:00]} e6 {[%emt 0:00:05]} 2. d4 {[%emt 0:00:00]} d5 {[%emt 0:
00:09]} 3. Nc3 {[%emt 0:00:00]} Nf6 {[%emt 0:00:11]} 4. e5 {[%emt 0:00:11]}
Nfd7 {[%emt 0:00:04]} 5. f4 {[%emt 0:00:08]} c5 {[%emt 0:00:11]} 6. Nf3 {
[%emt 0:00:10]} Be7 {[%emt 0:00:15] Beaucoup moins souvent joué que Nc6} (6...
Nc6 7. Be3 a6 8. Qd2 Qc7 9. dxc5 Bxc5 10. Bxc5 Nxc5 11. O-O-O O-O 12. Qe3 b6
13. Bd3 Nxd3+ 14. Rxd3 Na5 15. b3 Bb7 16. Nd4 Rac8 17. Kb1 b5 18. Qh3 b4 19.
Nce2 Kh8 20. g4 Nc6 21. Qh4 Qe7 22. g5 f5 23. Rh3 h6 24. Rg1 Nxd4 25. Nxd4 Rc3
26. gxh6 g5 27. fxg5 {1-0 (27) Anand,V (2803)-Zvjaginsev,V (2660) Berlin 2015})
7. Be3 {[%emt 0:00:46]} b6 {[%emt 0:00:21][%cal Gc8a6]} 8. Qd2 {[%emt 0:03:05]}
(8. Bd3 {Perd un tempo} Ba6) (8. Be2 Ba6 9. O-O Bxe2 10. Nxe2 $14 {Karjakin,S 
(2780)-Hou,Y (2603) Tata Steel-A 75th 2013 (1) 1-0}) 8... O-O {[%emt 0:01:31]}
9. Ne2 $6 $146 {[%emt 0:03:28]} (9. Nd1 Nc6 10. c3 a5 {Caruana,F (2808)
-Peralta,F (2590) Baku ol (Men) 42nd 2016 (3.8) 1-0}) (9. h4 $1 Nc6 10. Bb5 Qc7
11. O-O-O a6 12. Bd3 {Kramnik,V (2812)-Buhmann,R (2653) Dortmund 44th 2016 (3)
1/2} (12. Bxc6 {N.I.C 6/2016} Qxc6 13. f5 {Kramnik})) 9... Ba6 {[%emt 0:04:33]}
10. O-O-O {[%emt 0:11:20]} Nc6 {[%emt 0:05:37]} 11. h4 {[%emt 0:04:21]} Bxe2 $5
{[%emt 0:05:04]} 12. Bxe2 {[%emt 0:00:36]} c4 {[%emt 0:01:23] L'idée de cette
variante b6} (12... cxd4 13. Nxd4 Rc8) 13. Ng5 {[%emt 0:06:24] Un plan
probablement trop lent} (13. g4 b5 14. f5 b4 15. Kb1 Qa5 $132 {[%cal Gc4c3,
Gb4b3]}) 13... b5 {[%emt 0:25:00]} 14. Bg4 {[%emt 0:00:58]} b4 {[%emt 0:04:00]
[%csl Gb4,Gc4]} 15. Kb1 {[%emt 0:00:59]} Nb6 {[%emt 0:08:02]} (15... Qa5 {
[%cal Gc4c3]}) 16. f5 {[%emt 0:01:05]} exf5 {[%emt 0:01:13]} 17. Bxf5 {[%emt 0:
00:05]} g6 {[%emt 0:01:39]} 18. Qe2 $1 {[%emt 0:00:29]} Na4 {[%emt 0:03:28]} (
18... gxf5 19. Qh5 Bxg5 20. hxg5 $18) 19. Ka1 {[%emt 0:10:25]} Qa5 {[%emt 0:04:
02] La position est trés tendue avec des chances réciproques} 20. Nxh7 $6 {
[%emt 0:02:13][%cal Gf5h7,Gh4h5] Les Blancs avaient pourtant encore presqu'une
heure à la pendule et cette position critique méritait davantage de calcul} (
20. Bd7 $1 {[%csl Ga4,Gd7][%cal Gc6a4]} Nc3 21. bxc3) 20... Nc3 $1 {[%emt 0:01:
10][%cal Gc3a2,Gc3e2] La différence est le fait que les Noirs ont un double
attaque et les Blancs sont donc obligés d'accepter le sacrifice} 21. bxc3 {
[%emt 0:00:06]} bxc3 {[%emt 0:00:10][%cal Ga5a3,Ga3b2,Ga8b8]} 22. Rb1 {[%emt 0:
09:56]} Rab8 {[%emt 0:09:16]} 23. Nf6+ {[%emt 0:25:07]} Bxf6 {[%emt 0:00:49]}
24. Bd7 {[%emt 0:00:34]} (24. exf6 Nb4 {[%cal Ga5a2,Gb4c2]}) 24... Nb4 {
[%emt 0:01:11]} 25. a4 {[%emt 0:00:07]} Rfd8 {[%emt 0:01:23]} 26. Qg4 {[%emt 0:
00:56]} Nxc2+ {[%emt 0:00:36]} 27. Ka2 {[%emt 0:00:05]} Rb4 {[%emt 0:02:26]}
0-1

[Event "Syre Memorial op 35th"]
[Site "Issy les Moulineaux"]
[Date "2012.05.19"]
[Round "4"]
[White "Guliyev, Namig"]
[Black "Flom, Gabriel"]
[Result "1/2-1/2"]
[WhiteElo "2522"]
[BlackElo "2412"]
[Annotator "Primel,D"]
[PlyCount "55"]
[EventDate "2012.05.17"]
[EventType "swiss"]
[EventRounds "6"]
[EventCountry "FRA"]
[SourceTitle "EXT 2015"]
[Source "ChessBase"]
[SourceDate "2014.11.20"]
[SourceVersion "1"]
[SourceVersionDate "2014.11.20"]
[SourceQuality "1"]

1. e4 e6 2. d4 d5 3. Nc3 Nf6 4. e5 Nfd7 5. f4 (5. Nf3 c5 6. dxc5 Nc6 7. Bf4
Bxc5 8. Bd3 f6 9. exf6 Nxf6 10. O-O O-O 11. Ne5 Bd7 12. Qe2 $14) 5... c5 6. Nf3
Nc6 7. Be3 Qb6 {L'ancien vainqueur du tournoi reste fidèle а cette variante et
les deux adversaires continuent un duel théorique} (7... cxd4) (7... Be7 8. a3
b6 9. Bd3 O-O 10. O-O a6 11. Ne2 c4 12. Bxh7+ {Ressemble un peu а la partie
d'Issy} Kxh7 13. Ng5+ Bxg5 14. fxg5 Rh8 (14... Ne7 15. Rf3 Nf5 16. Rh3+ $44)
15. Rxf7 Kg8 16. g6 Nf8 17. Nf4 Ra7 {Shirov,A (2713)-Morozevich,A (2737)
Saratov Governor's Cup 2011 (6) 1/2}) 8. Na4 Qa5+ 9. c3 cxd4 10. b4 {l'idée de
la variante pour gagner un tempo sur la Q et de l'espace mais la pratique
montre que les noirs ont du contre-jeu avec le sacrifice en b4} Nxb4 11. cxb4
Bxb4+ 12. Bd2 Bxd2+ 13. Nxd2 O-O (13... b6) (13... g5 $143 14. Rb1) 14. Bd3 $1
{[%csl Rh7][%cal Ge1g1,Gd1h5]} (14. Kf2 $2 {Bien évidement, le GMI ne
recommence pas cette tentative qui avait tournée au désastre au mémorial Syre
en 2010.} f6 {[%csl Rf2];Guliyev,N (2533)-Battaglini,G (2419) Syre Memorial op
33th 2010 (5) 0-1}) 14... b5 {Gagnant un tempo sur le Na4 pour jouer Nb6c4} 15.
Nb2 Nb6 (15... Nc5 $143 16. O-O Nxd3 17. Nxd3 $16) 16. O-O Nc4 {[%csl Gc4]
[%cal Gc4d2,Gc4b2]} 17. Bxh7+ {L'ancien isséen a été confronté а plusieurs
reprises а cette attaque depuis quelques années.} (17. Nbxc4 {L'alternative
mais après 20. Nc4, c'est une simple interversion de coups} bxc4 18. Bxh7+ $1)
17... Kxh7 18. Qh5+ Kg8 19. Nf3 f6 {[%csl Gg5]} (19... g6 20. Qh6 Qc7 {[%cal
Gc7h7,Gf7f6]} 21. Nd3 Qe7 22. Nc5 $1 Ne3 23. Ng5 f6 24. Qxg6+ Qg7 25. Qxg7+
Kxg7 26. Ngxe6+ Bxe6 27. Nxe6+ Kf7 28. Nxf8 (28. Nxd4 Nxf1 29. e6+ $44 {
[%csl Gd4,Ge6]}) 28... Nxf1 29. Rxf1) 20. Nxc4 (20. Nd3 $6 Qc3 $1 {[%cal Gc3a1,
Gc3d3]} (20... Ne3 21. exf6 gxf6 22. Qg6+ Kh8 23. Nfe5 {[%cal Gf1f3,Gf3h3]} Qc7
24. Rf3 Qg7 25. Qh5+ Qh7 26. Ng6+)) (20. exf6 Qc7 {Baron,T (2468)-Battaglini,G
(2413) Petah Tiqwa Elitzur-A 2011 (1) 1-0}) 20... bxc4 21. Ng5 {Tentant
d'améliorer une partie jouée par son adversaire en 2011 mais les Blancs n'ont
probablement pas plus que la nulle} (21. exf6 Qc7 (21... Rxf6) 22. fxg7 Qxg7
23. Ne5 Rf5 24. Qd1 (24. Qh4 $142 $1 {[%cal Gf1f3,Gf3g3]} Qf6 (24... Qh7 25.
Qd8+ Rf8 26. Qd6 $36 {[%cal Gf1f3,Gf3h3]}) 25. Qg3+ Qg7 26. Qe1 Kh8 27. Rf3 $40
) 24... Rb8 (24... d3) 25. Qxd4 Qc7 26. Kh1 c3 27. Rac1 c2 28. Qd3 Rb2 29. Qg3+
Kh8 30. Qa3 Rb6 31. Qa4 Qc3 32. Qxa7 {1-0 Stefansson,H (2557)-Battaglini,G 
(2413)/Aix-les-Bains 2011/CBM 142 (32)}) (21. Nh4 Qc7 (21... Qc5 22. Ng6 d3+
23. Kh1 f5 24. Nxf8 Qxf8 25. Rf3 Bd7 $17 {[%csl Gc4,Gd3]}) 22. Ng6) 21... fxg5
22. fxg5 Qc3 $5 $146 {[%csl Gc3][%cal Gc3a1,Gc3e3,Ge3e5,Ge3h6] Une tentative
d'amélioration pour les Noirs avec ce coup qui est multifonction: - En faisant
pression sur la Ra1, les Noirs empêchent Rf3. - Ils menacent surout Qe3 qui
gagne immédiatement car non seulement, le P"e5" tombe mais les Noirs peuvent
parer la menace de mat des Blancs g6 avec le repli Qh6.  Au surplus, la force
du coup est le fait qu'il renonce au coup naturel Qc7 venant défendre
l'aile-roi . "La meilleure défense, c'est l'attaque!"} (22... Rf5 23. Qe8+ Kh7
24. Qh5+ Kg8 25. g4 Rxf1+ 26. Rxf1 Qxa2 27. Qe8+ Kh7 28. g6+ {1-0 Riff,J (2499)
-Nguyen Chi Minh (2406)/Guingamp 2010/EXT 2011}) (22... Bd7 23. g6 Rf5 24. Qh7+
Kf8 25. Qh8+ Ke7 26. Qh4+ Ke8 27. Rxf5 exf5 28. Qh8+ Ke7 29. Qxg7+ Kd8 30. Qf8+
Kc7 31. Qd6+ Kc8 32. g7 Qd8 33. Qc5+ Kb7 34. Rb1+ Ka6 35. g8=Q {1-0 Kravtsiv,M
(2588)-Atabayev,Y (2404)/Dubai 2012/Mega2012 Update 17 (35)}) (22... Qd2 23.
Rxf8+ Kxf8 24. Rf1+) 23. Rxf8+ (23. g6 $4 {[%cal Gh5h7]} Qe3+ {[%cal Ge3h6]})
23... Kxf8 24. Rf1+ Kg8 25. Qf7+ Kh7 26. Qh5+ Kg8 27. Qf7+ Kh7 28. Qh5+ {
[%mdl 8]} 1/2-1/2

[Event "Paris Apsap op 103rd"]
[Site "Paris"]
[Date "2008.08.11"]
[Round "5"]
[White "Guliyev, Namig"]
[Black "Vallejo Pons, Francisco"]
[Result "1/2-1/2"]
[WhiteElo "2510"]
[BlackElo "2650"]
[Annotator "Primel,D"]
[PlyCount "34"]
[EventDate "2008.08.06"]
[EventType "swiss"]
[EventRounds "9"]
[EventCountry "FRA"]
[SourceTitle "EXT 2010"]
[Source "ChessBase"]
[SourceDate "2010.11.25"]
[SourceVersion "1"]
[SourceVersionDate "2010.11.25"]
[SourceQuality "1"]

1. e4 {La partie au sommet du tournoi et c'est probablement même le record
historique des tournois du club 608 en moyenne ELO} e6 2. d4 d5 3. Nc3 Nf6 (
3... Bb4 {L'alternative également jouée par l'espagnol} 4. e5) 4. e5 (4. Bg5
Bb4 5. e5 {Morozevich,A (2625)-Vallejo Pons,F (2450) Pamplona 9899 9th 1998 (7)
1-0}) 4... Nfd7 5. f4 c5 6. Nf3 Qb6 $5 {Une ligne secondaire assez récente
mais beaucoup moins jouée que Nc6} (6... Nc6 {la grande ligne} 7. Be3 cxd4 8.
Nxd4) 7. Be3 (7. Na4 Qc6 8. Nxc5 Nxc5 9. dxc5 Bxc5 10. Bd3 {Kazhgaleyev,M 
(2547)-Hamdouchi,H (2564) Cannes 1999 (5) 1-0}) 7... a6 {(1h33)} (7... Qxb2 $2
8. Nb5 {[%csl Rb2][%cal Gb5c7,Gb5d6,Ga1b1]}) 8. a3 $1 {Une idée récente qui
pose problème а la variante Qb6 et 6. Nc6 est plus populaire. a3 pare la
menace Qb2 а cause de la réponse Na4, tout en gagnant de l'espace а l'aile-dame
} ({RR} 8. Na4 Qa5+ ({RR} 8... Qc7 9. dxc5 Nxc5 10. Nxc5 Bxc5 11. Bxc5 ({RR} 
11. Qd2 Bd7 12. O-O-O Bb5 13. Bxc5 Qxc5) 11... Qxc5 12. Qd2 a5 13. Qf2 Qb4+ 14.
Nd2 Qxb2 15. Rb1 Qxc2 16. Bb5+ Nc6 17. O-O O-O) ({RR} 8... Qc6 9. c4 dxc4 10.
Nc3 b5 11. a4 Bb7 12. axb5 axb5 13. Rxa8 Bxa8 14. Qa1 Na6) 9. c3 cxd4 10. b4
Qc7 11. Qxd4 Nc6 12. Qd2 b5 ({RR} 12... Be7 13. Be2 ({RR} 13. Bd3 b5 14. Nb2 a5
15. O-O axb4) 13... b5 14. Nb2 a5 15. O-O axb4 16. Rfc1 Qb7 17. cxb4 Bxb4 18.
Qc2) 13. Nb2 f6 14. exf6 ({RR} 14. a4 Rb8 15. axb5 axb5 16. Nd4 Nxd4 17. Bxd4
fxe5 18. fxe5 Be7 19. Ra7) 14... Nxf6 15. Bd3 Bd6 16. O-O O-O 17. a4 Rb8) 8...
Nc6 (8... Qxb2 $2 9. Na4) 9. Be2 (9. dxc5 $5 Bxc5 10. Na4 Qa5+ 11. b4 Qxa4 12.
bxc5 O-O 13. c4 Qa5+ 14. Qd2 Rd8 15. cxd5 Qxd2+ 16. Bxd2 exd5 17. Rc1 Re8 18.
Kf2 f6 19. e6 Rxe6 20. Bd3 Re8 21. g4 Nf8 22. Rhg1 Bd7 23. Bb1 Ne6 {Kasparov,G
(2838)-Radjabov,T (2610)/Moscow 2002/CBM 091/1/2-1/2 (78)}) 9... h6 $5 $146 {
[%cal Gg7g5] (1h20) Une nouveauté intéressante, le P h6 empêche un éventuel
Ng5 tout en préparant l'attaque indirecte du centre par g7g5} ({RR} 9... Be7
10. Bf2 cxd4 ({RR} 10... c4 11. b3 cxb3 12. cxb3 Qc7 13. Qc2) 11. Nxd4 Bc5 12.
Na4 Qa5+ 13. c3 Bxd4 14. Bxd4 Nxd4 ({RR} 14... b5 15. Nc5 Nxd4 16. Qxd4 Qb6 17.
Nxd7 Qxd4 18. cxd4 Bxd7 19. Rc1) 15. Qxd4 Qc7 ({RR} 15... O-O 16. O-O b6 17.
Bd1 Bb7 18. Bc2 b5 19. Nc5 Nxc5 20. Qxc5 Rac8 21. Qe3 Qc7) 16. b4 O-O 17. O-O
b5 18. Nb2 Bb7 19. Bg4 Rac8 20. Rf3 f5 ({RR} 20... a5 21. Re1 axb4 22. axb4
Rfe8 23. Rg3) 21. exf6 Rxf6 22. Re1 Nf8 23. Re5 Qd6 24. Rfe3 {Nunn,J (2600)
-Pedersen,S (2415)/Oxford 1998/CBM 069/[Finkel,A]/1-0 (36)}) ({RR} 9... f6 10.
exf6 ({RR} 10. f5 cxd4 ({RR} 10... fxe5 11. dxc5 ({RR} 11. fxe6 cxd4 ({RR} 
11... Nf6 12. dxe5) 12. Na4 Qc7 ({RR} 12... Qa5+ 13. Bd2 Qxa4 14. b3) 13. exd7+
Bxd7 14. Bf2 b5) 11... Bxc5 12. fxe6 Nf6 13. Bxc5 Qxc5) 11. Nxd4 Ndxe5 ({RR} 
11... fxe5 12. Bh5+ g6 13. fxg6 hxg6 14. Bxg6+ Ke7 15. Nf5+) 12. Nxe6 Qxe3 ({RR
} 12... d4 13. Nxd4 Be7 14. Nxc6 Qxc6 15. O-O) 13. Nc7+ Kd8 14. N3xd5 Qe4 15.
Nxa8 Bd7 16. O-O) 10... Nxf6 ({RR} 10... gxf6 11. f5 cxd4 12. Nxd4 Nxd4 13.
Bxd4 Bc5 14. fxe6) 11. Na4 Qa5+ 12. Bd2 Qc7 13. dxc5 Ne4 14. Be3) 10. dxc5 (10.
Na4 Qa5+ 11. c3 $11) (10. h4 {[%csl Gg5]} cxd4 11. Nxd4 Bc5 12. Na4 Qa5+ 13. c3
$11) (10. f5 $142 $1 {Comme dc5 ne donne aucun avantage aux blancs, il faut
peut-être essayer les percées thématiques comme f4f5 même au détriment d'un P
sacrifié car le K noir est au centre.} cxd4 11. fxe6 (11. Nxd4 Bc5 12. fxe6
Nxd4 13. exd7+ Bxd7 14. b4 Nxc2+ 15. Qxc2 Bxe3 16. Nxd5 $36 {[%cal Gd5e3,Gd5c7,
Gd5b6]}) 11... fxe6 (11... dxe3 12. exd7+ {[%csl Rd5]}) 12. Nxd4 Ncxe5 (12...
Bc5 $4 13. Bh5+ Ke7 14. Nxe6 $3 {[%cal Gd1d5,Gc3d5]}) (12... Nxd4 13. Bxd4 (13.
Bh5+ Kd8 14. Bxd4 Bc5 15. Na4 Qa5+ 16. b4 Qxa4 17. bxc5 $14 {[%csl Rd8]} Rf8
18. Qd2 {[%cal Gd2b4]} Nb8 {[%cal Gb8c6]} 19. Bf3 Nc6 20. c3 {[%cal Ge1g1]} Bd7
21. O-O Kc7 22. Rab1 $16 {[%csl Rb6,Rb7][%cal Gd2b2]})) 13. O-O $32 Bc5 $6 (
13... Nf6 14. Bh5+ Nf7 15. Qe2 $1 {[%cal Ge2e6,Gd4e6,Ge2e3]}) 14. Na4 Qc7 15.
Nxc5 Qxc5 16. c4 $1) 10... Bxc5 11. Na4 Qa5+ 12. b4 Qxa4 $11 13. bxc5 g5 $1 {
[%csl Re5] (1h04)} 14. fxg5 hxg5 15. Bxg5 Nxc5 {(1h03)} 16. Bf6 Rg8 {(1h01)} (
16... Qa5+ 17. Qd2) 17. O-O Ne4 {[%mdl 8] (1h)} 1/2-1/2